000 01353nam2a2200253 4500
001 rc\2939648
005 20241127104045.0
035 _a(NLR Aleph) 007213999
090 _a13631446
_c13631446
100 _a20110825d1935 u y0rusy50 ca
101 0 _arus
102 _aRU
105 _ac z |||||
200 1 _aСтихи
_e1929-1930
_fПод общ. ред. Л.Ю. Брик и И. Беспалова
_gРед. и прим. В. Катаняна
210 _aМосква
_cХудож. лит.
_d1935
_g1 тип. Трансжелдориздата
215 _aПереплет, 249, [4] с., 1 вкл. л. портр.
_cпортр.
461 0 _1001rc\2939637
_12001#$aПолное собрание сочинений$eТ. 1-$fВ.В. Маяковский$gПод общей редакцией Л.Ю. Брик$v10
_1700#1$aМаяковский$bВ.В.$gВладимир Владимирович$f1893-1930
_97677269
_aМаяковский, В. В. (1893-1930)
_cМосква
_d1934-1937
_fВ.В. Маяковский
_nГослитиздат
_oТ. 1-
_tПолное собрание сочинений
_v10
702 1 _aКатанян
_bВ. А.
_f1902-1980
_gВасилий Абгарович
_3RU\NLR\AUTH\770274329
_4340
801 0 _aRU
_bNLR
_gpsbo
801 1 _aRU
_bELAR
_2rusmarc
852 _aNLR
_j34-16/115(10)
942 _cBOOK
980 _aNB